00917nam a2200229 a 4500001000900000005001700009008004100026020001500067041000800082044000700090050002500097100003200122245015200154260008000306300006200386500002900448500004200477504002900519650005100548650005700599700003100656BRL_155320190320211247.0030314s1991----mx-aob####---#000-0#spa-# a9686415106 aspa amx 4aSB317.M47b.A74 19911 aArgüelles, Andrés de G.10aExplotación del mezquite en San Luis Potosíbuna perspectiva históricactexto Andrés de G. Argüelles ; fotografía R. Alejandro Montoya. aSan Luis Potosí, S.L.P.bArchivo histórico del Estado de San Luisc1991 a88 p.bil., fotografías (blanco y negro), mapasc23 cm. aej.1 Au1817, ej.2 Au2115 aLa biblioteca cuenta con 2 ejemplares aBibliografía: p. 80-8714aMezquitexHistoriazSan Luis Potosí (Estado)14aMezquitexHistoria - UsozSan Luis Potosí (Estado)1 aMontoya, R. Alejandroeil.